000
nam a22 7a 4500
999
_c
35977
_d
35977
003
OSt
005
20170729115725.0
008
170729b xxu||||| |||| 00| 0 eng d
040
_c
SEROSOFT
100
_a
MARCH,JEREY
245
_a
ADVANCED ORGANIC CHEMISTRY
260
_a
DELHI
_b
WILEY INDIA
_c
1992
300
_a
1495
942
_2
ddc
_c
03